KRASOVÉ JAVY V OKOLÍ LIPTOVSKEJ TEPLIČKY

Bibliographic Details
Main Author: Droppa, Anton, 1920-2013 (Author)
Format: Article
Language:Slovak

MARC

LEADER 00000nab a2200000uu 4500
001 vtls011145773
003 SK-MaSNL
005 20260303145811.0
008 230222| xo |||||||||||||||||slo|
015 |a SNBRB 
035 |a (urnnbn)urn:nbn:sk:snk:ar-008jxx 
035 |a (uuid)c95118a7-ec00-468a-812f-41f870bc8a55 
035 |a urn:nbn:sk:snk-abawhq 
040 |a SNKBUCL  |b slo  |c SNKBUCL  |e AACR2 
041 0 |a slo 
044 |a xo  |c SK 
100 1 |a Droppa, Anton,  |d 1920-2013  |4 aut  |9 86801 
245 1 0 |a KRASOVÉ JAVY V OKOLÍ LIPTOVSKEJ TEPLIČKY  |c Anton Droppa 
773 0 |t Slovenský kras : sborník Múzea slovenského krasu v Lipt. Mikuláši  |g Roč. 4, č. 1 (1961-1962), s. 46-[56] 
954 |a odborná, vedecká literatúra pôvodná (slovenská)  |2 lita 
958 |a OND 
958 |a EUIPO 
958 |a article14 
999 |c 2005352  |d 2007282